000 01146nam a2200301 a 4500
001 43205
003 BD-RjUL
005 20211209053648.0
008 160620s1974 ne a b 101 0 eng d
020 _a0444411984 (NewYork)
035 _a(BD-RjUL)43323
040 _aDLC
_cDLC
_dBD-RjUL
_beng
041 _aeng
082 _a378.1550941
_bEFF 1974
245 0 0 _aEfficiency in universities:
_bThe La Paz papers. /
_cEdited by Keith G. Lumsden
260 _aAmsterdam ;
_aNew York :
_bElsevier Scientific Publ. Co,
_cc1974
300 _ax, 280 p. :
_bill. ;
_c24 cm
490 1 _aStudies on education ;
_v4
500 _aPapers of a conference held in La Paz, Mexico in June, 1972, sponsored by the Esmée Fairbairn Economics Research Center
504 _aBibliography: p. 267-271 and index
650 0 _aEducation, Higher
_xAims and objectives
_xCongresses
_9132690
650 0 _aEducation, Higher
_xEconomic aspects
_xCongresses
_9132691
700 1 _aLumsden, Keith G.
_9132692
710 2 _aEsmée Fairbairn Economics Research Center.
_9132693
830 0 _aStudies on education ;
_v4.
_9118098
942 _2ddc
_cBK
999 _c43205
_d43205